00615pab a2200205 454500008004000000100001600040245007700056260000900133300001300142362000800155650002200163650001200185650002700197700002400224773003100248908000600279909001100285999001900296952009400315180718b2014 xxu||||| |||| 00| 0 eng d aElder, Todd aAre Catholic primary schools more effective than public primary schools? c2014 ap.28-38. aMar aPrimary education aSchools aDenominational schools aJepsen, Christopher aJournal of Urban Economics aN a104817 c104812d104812 00104070aIIPAbIIPAd2018-07-19hVolume no: 80, pAR105277r2018-07-19w2018-07-19yAR